000 00300nam a22001217a 4500
005 20170829155021.0
008 170829b xxu||||| |||| 00| 0 eng d
022 _a0972-5938
245 _aIndian Journal of Traditional Knowledge
260 _aDelhi
_bNISCAIR
_c2017
490 _aVolume 16
942 _cJRL
999 _c5543
_d5541